LEADER 00915cam0-2200313---450- 001 990005811000403321 005 20131209100911.0 035 $a000581100 035 $aFED01000581100 035 $a(Aleph)000581100FED01 035 $a000581100 100 $a19990604d1995----km-y0itay50------ba 101 0 $aita 102 $aIT 105 $ay-------001yy 200 1 $aMunti della santissima oracioni$fa cura di Rosa Casapullo 210 $aPalermo$cCentro di studi filosofici e linguistici siciliani$d1995 215 $aLXXIX, 234 p.$d22 cm 225 1 $aCollezione di testi siciliani dei secoli 14. e 15.$v21 676 $a248.34 676 $a457.8 702 1$aCasapullo,$bRosa 801 0$aIT$bUNINA$gRICA$2UNIMARC 901 $aBK 912 $a990005811000403321 952 $a248.34 CAS 1$bDip.f.m.7060$fFLFBC 959 $aFLFBC 996 $aMunti della santissima oracioni$976899 997 $aUNINA LEADER 01722oam 2200469M 450 001 9910716398103321 005 20200213070537.7 035 $a(CKB)5470000002520150 035 $a(OCoLC)1065852440 035 $a(OCoLC)995470000002520150 035 $a(EXLCZ)995470000002520150 100 $a20071213d1926 ua 0 101 0 $aeng 135 $aurcn||||||||| 181 $ctxt$2rdacontent 182 $cc$2rdamedia 183 $acr$2rdacarrier 200 10$aFor the relief of Ernest F. Church. January 30, 1926. -- Committed to the Committee of the Whole House and ordered to be printed 210 1$a[Washington, D.C.] :$c[U.S. Government Printing Office],$d1926. 215 $a1 online resource (2 pages) 225 1 $aHouse report / 69th Congress, 1st session. House ;$vno. 164 225 1 $a[United States congressional serial set ] ;$v[serial no. 8535] 300 $aBatch processed record: Metadata reviewed, not verified. Some fields updated by batch processes. 300 $aFDLP item number not assigned. 606 $aClaims 606 $aRecruiting and enlistment 606 $aTravel costs 606 $aWorld War, 1914-1918 608 $aLegislative materials.$2lcgft 615 0$aClaims. 615 0$aRecruiting and enlistment. 615 0$aTravel costs. 615 0$aWorld War, 1914-1918. 701 $aCarpenter$b Edmund Nelson$f1865-1952$pRepublican (PA)$01389402 801 0$bWYU 801 1$bWYU 801 2$bOCLCO 801 2$bOCLCQ 906 $aBOOK 912 $a9910716398103321 996 $aFor the relief of Ernest F. Church. January 30, 1926. -- Committed to the Committee of the Whole House and ordered to be printed$93440923 997 $aUNINA